home page   АИС "Историко-культурное наследие Беларуси"
  Базовый | Расширенный | Профессиональный | Словарь персоналий | Тематический словарь | По видам объектов История запросов  Заказы    Регистрация

Запись в MARC-формате

копировать MARC-запись

=LDR  00000nx\\c2200253\\\45\\
=001  BY-NLB-ar6940985
=005  20160330095640.6
=100  \\$a20140114abely50\\\\\\ca0
=152  \\$apsbo
=160  \\$ae-bw
=215  \\$aКасцёл Найсвяцейшай Тройцы (Шылавічы, аграгарадок; Ваўкавыскі раён)
=300  1\$aПомнік архітэктуры неаготыкі. Пабудаваны ў 1907–1914 гг. Адноўлены ў 1993 г.
=356  \\$aЗнаходзіцца ў паўднёвай частцы в. Шылавічы Ваўкавыскага раёна Гродзенскай вобласці.
=415  \\$aКасцёл Прасвятой Тройцы (Шылавічы, вёска; Ваўкавыскі раён)
=415  \\$aШылавіцкі Троіцкі касцёл
=415  \\$aШылавіцкі касцёл Найсвяцейшай Тройцы
=415  \\$aШылавіцкі касцёл Прасвятой Тройцы
=515  \\$5w$3BY-NLB-ar6940989$aКостел Наисвятейшей Троицы (Шиловичи, агрогородок; Волковысский район)
=801  \0$aBY$bBY-HM0000$c20140114
=810  \\$aКаталіцкія храмы на Беларусі : энцыклапедычны даведнік / А. М. Кулагін. — Мінск, 2000.
=810  \\$aКаталіцкія храмы Беларусі / А. М. Кулагін. — Мінск, 2008.
=810  \\$aТуристская энциклопедия Беларуси. — Минск, 2007.
=999  \\$f2786 NLB-NDARD$t20140114
=999  \\$h1848 NLB-NDARD$t20140116

Чтобы вернуться назад, щелкните кнопку BACK на Вашем браузере